| 000 | 00517ntaaa2200205 4500 | ||
|---|---|---|---|
| 003 | 01 | ||
| 005 | 20251027202118.0 | ||
| 008 | 0714s1973 ag 01 | ||
| 040 |
_aAR-BaBN _bspa _cAR-BaBN _eaacr _dRIC |
||
| 082 | _a253.2000 B33 | ||
| 100 |
_aBaxter, Richard _92280 |
||
| 245 | _aThe reformed pastor | ||
| 250 | _a1 ed. | ||
| 260 |
_aLondon : _bSCM Press, _c1655, 1963 |
||
| 300 | _a125 p | ||
| 500 | _aLa obra pastoral del pastor reformado | ||
| 650 |
_aiglesia reformada _914321 |
||
| 650 | _apastor | ||
| 942 | _cBK | ||
| 999 |
_c16000 _d16000 |
||